| 000 | 01098nam a22003497a 4500 | ||
|---|---|---|---|
| 003 | CHAP | ||
| 005 | 20220817044519.0 | ||
| 008 | 120403s2011 it rn 00010 spa d | ||
| 010 | _a103004 | ||
| 011 | _a103976 | ||
| 020 | _a9789253069057 | ||
| 035 | _a114665 | ||
| 040 | _cCHAP | ||
| 082 | 0 | 4 |
_a639.2 _bF46 v.973 |
| 110 | 2 | _aFAO | |
| 245 | 1 | 0 |
_aInforme del período de sesiones del comité de pesca (29o) _c/por FAO |
| 260 |
_aRoma : _bFAO, _c2011 |
||
| 300 | _axi, 59 p. | ||
| 490 | 0 |
_aFAO. Informe de pesca y acuicultura _v; 973 |
|
| 500 | _aRoma, 31 de enero-4 de febrero de 2011 | ||
| 590 |
_aBATCH-UPD _b10 _c20130110 _lUCH01 _h1056 |
||
| 590 |
_aBATCH-UPD _b10 _c20130410 _lUCH01 _h0651 |
||
| 590 |
_aCONVERSION _b10 _c20130109 _lUCH01 _h1357 |
||
| 650 | 1 | 4 |
_aAlimentos _xEtiquetado. |
| 650 | 1 | 4 |
_aPesca continental. _987434 |
| 650 | 1 | 4 | _aPesca. |
| 650 | 1 | 4 |
_aProductos pesqueros. _992201 |
| 830 | 1 | 0 |
_aFAO. Informe de pesca y acuicultura _v; 973 _939588 |
| 901 | _aBK | ||
| 942 | _cLIBRO | ||
| 949 |
_a639.2 F46 v.973 _bBC _cFAO _d33724002318918 _eFAO1 _gDonaciØn _h116134 _i114665 _sb |
||
| 999 |
_c103004 _d103004 |
||